Movies Quiz

Random Movies Quiz

Pitch Perfect Trivia Quiz Stats

 Plays Quiz not verified by Sporcle

Also try: Hot Hot Movies!
Challenge
Share
Tweet
Embed
Score 0/30 Timer 06:00
0 Plays Today
Hint Answer % Correct
1. Main female character who eventually takes over the BellasBeca Mitchell
94.9%
2. Main male character who has a crush on main female characterJesse Swanson
92.1%
3. Leader of the Barden Bellas groupAubrey Posen
89.4%
4. Redheaded co-leader of the Barden Bellas Chloe Beale
88.5%
10. Eccentric heavyset girlFat Amy
85.4%
8. Leader of the TreblemakersBumper Allen
83.7%
16. Song that the Bellas sing on the busParty in the USA
81.6%
7. Nerdy roommate of main male character who performs magic tricksBenji Applebaum
81.2%
5. Female character who admits to having a lot of sexStacie Conrad
81.2%
18. Movie that #2 wants #1 to watch the end ofThe Breakfast Club
78.1%
6. Female African American character who is a lesbianCynthia Rose Adams
77.3%
9. Asian girl who speaks very quietlyLilly Onakuramara
74.5%
15. Food item that gets thrown at #10Burrito
73.4%
23. Song that #1 and #4 sing together in the showerTitanium
73.1%
22. Vocal problem that #4 hasVocal Nodules
72.1%
Hint Answer % Correct
19. Either of the 2 songs that the Bellas sing year after yearThe Sign and Turn the Beat Around
69.5%
26. Profession that #1 dreams aboutDJ
64.9%
12. Main female character's roommateKimmy Jin
64.3%
13. Male commentator of the ICCAsJohn Smith
63.9%
17. Song that #1 sings during the Bellas' performance, which upsets #3Bulletproof
60.7%
20. Song that the a capella groups audition withSince U Been Gone
58.9%
14. Female commentator of the ICCAsGail Abernath-McKadden
57.7%
30. Problem that #6 admits to havingGambling
57.7%
21. Song from #18 that the Bellas perform as part of their performance at the endDon't You Forget About Me
54.3%
11. Radio station managerLuke Morgan
53.4%
24. Name of the a capella group that performs with puppetsSockapellas
52.6%
25. Place where #10 is fromTasmania
39.1%
28. Group that was disqualified because one of their singers was not in collegeFootnotes
26.9%
27. Frequency of the radio station95.7
9.3%
29. What ICCA stands forInternational Championship of Collegiate A Cappella
4.5%

You're not logged in!

Compare scores with friends on all Sporcle quizzes.
Join for Free
OR
Log In

You Might Also Like...

Show Comments

Extras

Created Mar 6, 2013ReportFavoriteNominate
Tags:perfect, pitch

Top Quizzes Today


Score Distribution

Your Account Isn't Verified!

In order to create a playlist on Sporcle, you need to verify the email address you used during registration. Go to your Sporcle Settings to finish the process.

Report this User

Report this user for behavior that violates our Community Guidelines.

Details: